| 000 | 00658nam a22002297a 4500 | ||
|---|---|---|---|
| 999 |
_c63296 _d63296 |
||
| 005 | 20240530110633.0 | ||
| 008 | 170912s2015 uk h f b 000 0 eng d | ||
| 020 | _a9780500517871 | ||
| 040 | _aEG-CaGPL | ||
| 082 | 0 | 4 |
_221 _a747 _bBI |
| 100 | 1 | _aBradbury, Dominic | |
| 245 | 1 | 0 |
_aInterior design : _bclose up / _cDominic Bradbury |
| 260 |
_aLondon : _bThames & Hudson, _c2015. |
||
| 300 |
_a431 P. : _bill ؛ _c26 cm. |
||
| 504 | _aIncludes bibliographical references | ||
| 650 | 0 | 0 | _aINTERIOR DESIGN |
| 650 | 0 | 0 | _aINTERIOR DECORATION |
| 650 | 0 | 0 | _aFURNITURE |
| 650 | 0 | 0 | _aDESIGN |
| 942 |
_2ddc _cBK |
||